000 00717nam a2200229Ia 4500
003 OSt
005 20250604143757.0
008 210716s2008 xx 000 0 und d
020 _a9781595620255
040 _cAIMIT LIBRARY
041 _aeng
082 _a658.4092
_21
_bRATT
100 _aRath, Tom.
_9212753
245 _aStrengths based leadership:
_bgreat leaders teams and why people follow /
_cBy Tom Rath and Barry Conchie.
250 _a1st ed.
260 _aNew York :
_c2008.
300 _a266p. ;
_bPB
_c22 cm.
650 _aUnderstanding why people follow
_9212754
650 _aInvesting in your strenghts
_9212755
700 _aConchie, Barry.
_9212756
942 _2ddc
_cBK
_e1st ed.
_k658.4092 RATT
999 _c210473
_d210473